Elogio y nostalgia de Sigüenza / (Record no. 85500)
[ view plain ]
| 000 -LEADER | |
|---|---|
| campo de control de longitud fija | 00518nam a2200169 i 4500 |
| 001 - NÚMERO DE CONTROL | |
| campo de control | 85500 |
| 003 - IDENTIFICADOR DE NÚMERO DE CONTROL | |
| campo de control | ES-MaACL |
| 005 - FECHA Y HORA DE LA ÚLTIMA TRANSACCIÓN | |
| campo de control | 20250902063058.0 |
| 007 - CAMPO FIJO DE DESCRIPCIÓN FÍSICA--INFORMACIÓN GENERAL | |
| campo de control de longitud fija | t| |
| 008 - DATOS DE LONGITUD FIJA--INFORMACIÓN GENERAL | |
| campo de control de longitud fija | 041129s1958 sp ||||1| spa d |
| 100 1# - ENTRADA PRINCIPAL--NOMBRE DE PERSONA | |
| Nombre de persona | Juderías, Alfredo, |
| Fechas asociadas al nombre | 1910-1991 |
| 9 (RLIN) | 67184 |
| 245 10 - MENCIÓN DEL TÍTULO | |
| Título | Elogio y nostalgia de Sigüenza / |
| Mención de responsabilidad, etc. | Alfredo Juderías. |
| 260 ## - PUBLICACIÓN, DISTRIBUCIÓN, ETC. | |
| Lugar de publicación, distribución, etc. | Madrid : |
| Nombre del editor, distribuidor, etc. | Cultura Clásica y Moderna, |
| Fecha de publicación, distribución, etc. | 1958 ( |
| Fabricante | Tejario) |
| 300 ## - DESCRIPCIÓN FÍSICA | |
| Extensión | 128 p., 49 lám. ; |
| Dimensiones | 22 cm. |
| 852 ## - LOCALIZACIÓN | |
| Ubicación | ES-MaACL |
| Número de control de estantería | C-14951 |
| Sublocalización o colección | R.42881 |
| Estatus retirado | Estado de pérdida | Estado de daño | No para préstamo | Biblioteca de origen | Biblioteca actual | Ubicación en estantería | Fecha de adquisición | Fuente de adquisición | Total de préstamos | Signatura topográfica completa | Código de barras | Visto por última vez | Precio de reemplazo | Tipo de ítem Koha |
|---|---|---|---|---|---|---|---|---|---|---|---|---|---|---|
| Biblioteca del Ateneo de Madrid | Biblioteca del Ateneo de Madrid | Ficheros | 17/01/2008 | C-14951 | 1089343 | 23/02/2023 | 23/02/2023 | Libro impreso |
